| 000 | 00879nam a2200289 a 4500 | ||
|---|---|---|---|
| 001 | 58553 | ||
| 003 | BD-RjUL | ||
| 005 | 20211209080632.0 | ||
| 008 | 161219s1989 ii a 000 0 eng d | ||
| 020 | _a0803996136 pbk | ||
| 020 | _a8170361540 India; cased | ||
| 020 | _a8170361559 India; pbk | ||
| 020 | _a0803996128 | ||
| 035 | _a(BD-RjUL)58677 | ||
| 040 |
_aBD-RjUL _beng _cBD-RjUL |
||
| 041 | _aeng | ||
| 082 |
_a338.91724 _223 _bSTR 1989 |
||
| 245 | 0 | 0 |
_aStrategies for Third World development / _cedited by John S. Augustine |
| 260 |
_aNew Delhi : _bSage, _c1989 |
||
| 300 |
_a156 p. : _bill. ; _c23 cm |
||
| 504 | _aIncludes index | ||
| 650 | 0 |
_aEconomic development _xMoral and ethical aspects _9173962 |
|
| 651 | 0 |
_aDeveloping countries _xEconomic policy _9171747 |
|
| 700 | 1 |
_aAugustine, John S. _q(John Sunderaj) _9173963 |
|
| 942 |
_2ddc _cBK |
||
| 999 |
_c58553 _d58553 |
||